03144cam a22002775a 4500999001700000005001700017008004100034020001800075040005600093043001200149082002700161245011300188260005500301300003400356500008700390504005100477505177800528520022502306650004602531651005202577653002202629700003502651700002602686942000802712952014602720 c27249d2722020190321100631.0181115t2018 stka frbb 001 0 eng d z9781474424073 aYDXbengcYDXdCNCGMdOCLCOdYDXdN$TdUkdEG-ScBUE ama-----04a324.209174927bPOL22200aPolitical parties in the Arab world :bcontinuity and change /cedited by Franceso Cavatorta and Lise Storm. aEdinburgh :bEdinburgh University Press, cc.2018. axii, 356 p. :bill. ;c24 cm. aTitle page contains misspelling of Francesco Cavatorta's first name as "Franceso." aIncludes bibliographical references and index.00g1.tDo Arabs not do parties? An introduction and exploration /rLise Storm and Francesco Cavatorta --gpt. 1tParty families --g2.tLeftist parties in the Arab region before and after the Arab Uprisings: 'unrequited love'? /rValeria Resta --g3.tWhat are 'secular' parties in the Arab world? Insights from Tunisia's Nidaa Tomes and Morocco's PAM /rAnne Wolf --g4.tThe institutionalisation of Islamist political parties after the uprisings /rAnass El Kyak --g5.tDo Salafi parties represent a contradiction in terms? The development and fragmentation of Kuwait's Salafi Islamic Group /rZoltan Pall --gpt. 2tInternational constraints --g6.tShi'ism, national belonging and political Islam: the Hezbollah and the Islamic Resistance in Lebanon /rAurélie Daher --g7.tParty politics in the Palestinian Territories /rManal A. Jamal --g8.tSectarian friction and the struggle for power: party politics in Iraq post-2003 /rSophie A. Edwards --g9.tPost-Gaddafi Libya: rejecting a political party system /rAmir M. Kamel --gpt. 3tSocietal constituents --g10.tTribes and political parties in the contemporary Arab world: a reassessment from Yemen /rLarissa Alles --g11.tIn the shadow of legality: proto-parties and participatory politics in the Emirate of Kuwait /rHendrik Kraetzschmar --g12.tTransformations in the political party system in Mauritania: the case of the Union for the Republic /rRaquel Ojeda-Garcia --g13.tWomen's political inclusion and prospects for democracy in North Africa /rLoes Debuysere --g14.tWhy did Tunisian and Egyptian youth activists fail to build competitive political parties? /rMohammad Yaghi --tConclusion and perspectives --g15.tArab parties in context: lessons learned /rFrancesco Cavatorta and Lise Storm. aThis book provides a thorough theoretical and empirical examination and analysis of the most important aspects and traits of political parties and party politics in the Arab world, exploring cases from across the region. 7aPolitical partieszArab countries.2BUEsh 7aArab countriesxPolitics and government.2BUEsh bBUSBOLcMarch20191 aCavatorta, Francesco,eeditor.1 aStorm, Lise,eeditor. 2ddc 00102ddc40708BaccahaMAINbMAINc1STd2019-03-18ePurchaseg675.00h177l0o324.209174927 POLp000043261r2025-07-15 00:00:00v843.75yBB